| 000 | 00926nam a22002891 4500 | ||
|---|---|---|---|
| 001 | 134220 | ||
| 003 | ES-MaACL | ||
| 005 | 20250807224948.0 | ||
| 007 | t| | ||
| 008 | 070906s1962 sp ||||0| spa d | ||
| 016 | 7 | _zIND2000943860 | |
| 040 |
_aM-BN _bspa _cCDM |
||
| 080 | _a173.1 | ||
| 080 | _a173.3 | ||
| 100 | 1 |
_aWheeler, Beth. _9116614 |
|
| 245 | 1 | 0 |
_aAyude a su marido a descansar / _c[versión por Juan J. García Guerrero ; adaptación por Ana Mª Calera]. |
| 260 |
_aBarcelona : _bHymsa, _c[1962] ( _fRomán) |
||
| 300 |
_a192 p. : _bil. ; _c22 cm. |
||
| 490 | 1 | _aBiblioteca "Para tí" | |
| 650 | 1 | 7 |
_aRelaciones marido mujer _2embne _916791 |
| 650 | 1 | 7 |
_aMatrimonio _2embne _914855 |
| 700 | 1 |
_aCalera, Ana María. _933649 |
|
| 700 | 1 |
_aGarcía Guerrero, Juan José. _954734 |
|
| 830 | 0 |
_aBiblioteca "Para tí" _9219829 |
|
| 852 |
_aES-MaACL _jC-24468 _bR.49950 |
||
| 999 |
_c134220 _d134220 |
||